Najlepsze Polskie Filmy - Polskie Nagrody Filmowe (Orły) - Statystyki

Ogólne statystyki
  • Ten quiz został rozwiązany 227 razy
    126 od ostatniego zresetowania
  • Średni wynik to 7 z 22
Statystyki odpowiedzi
Edycja Reżyseria Tytuł % Poprawnych
Orły 2003 Roman Polański Pianista
79%
Orły 2008 Andrzej Wajda Katyń
65%
Orły 2020 Jan Komasa Boże Ciało
62%
Orły 2014 Paweł Pawlikowski Ida
60%
Orły 2005 Wojciech Smarzowski Wesele
58%
Orły 2017 Wojciech Smarzowski Wołyń
57%
Orły 2019 Paweł Pawlikowski Zimna wojna
53%
Orły 2015 Łukasz Palkowski Bogowie
37%
Orły 2012 Wojciech Smarzowski Róża
34%
Orły 2016 Małgorzata Szumowska Body/Ciało
26%
Orły 2000 Krzysztof Krauze Dług
26%
Orły 2018 Piotr Domalewski Cicha noc
20%
Orły 2001 Krzysztof Zanussi Życie jako śmiertelna choroba przenoszona drogą płciową
15%
Orły 2006 Feliks Falk Komornik
14%
Orły 2007 Krzysztof Krauze i Joanna Kos-Krauze Plac Zbawiciela
12%
Orły 2002 Robert Gliński Cześć Tereska
10%
Orły 2011 Jerzy Skolimowski Essential Killing
10%
Orły 2010 Borys Lankosz Rewers
10%
Orły 2009 Małgorzata Szumowska 33 sceny z życia
8%
Orły 2004 Andrzej Jakimowski Zmruż oczy
5%
Orły 1999 Jan Jakub Kolski Historia kina w Popielawach
4%
Orły 2013 Marcin Krzyształowicz Obława
4%
Nie znaleziono quizów pasujących do podanych kryteriów
Rozkład punktacji
Procent ludzi z każdym wynikiem
Percentyl według liczby udzielonych odpowiedzi
Twoja historia wyników
Nie rozwiązałeś tego quizu od ostatniego zresetowania